<?xml version="1.0" encoding="UTF-8"?>
<record
    xmlns:xsi="http://www.w3.org/2001/XMLSchema-instance"
    xsi:schemaLocation="http://www.loc.gov/MARC21/slim http://www.loc.gov/standards/marcxml/schema/MARC21slim.xsd"
    xmlns="http://www.loc.gov/MARC21/slim">

  <leader>02329nam a2200289 i 4500</leader>
  <controlfield tag="001">000000041888</controlfield>
  <controlfield tag="003">IT-MiSPE</controlfield>
  <controlfield tag="005">20200907085048.0</controlfield>
  <controlfield tag="008">041027s1994    xx           u000 u ita c</controlfield>
  <datafield tag="020" ind1=" " ind2=" ">
    <subfield code="a">9788807821080</subfield>
    <subfield code="c">8.00 EUR</subfield>
  </datafield>
  <datafield tag="040" ind1=" " ind2=" ">
    <subfield code="a">IT-MiSPE</subfield>
    <subfield code="b">ita</subfield>
    <subfield code="c">IT-MiSPE</subfield>
  </datafield>
  <datafield tag="082" ind1="0" ind2="0">
    <subfield code="a">193-FEU lu es (axa 23276)</subfield>
    <subfield code="2">20</subfield>
  </datafield>
  <datafield tag="100" ind1="1" ind2=" ">
    <subfield code="9">27611</subfield>
    <subfield code="a">Feuerbach, Ludwig</subfield>
    <subfield code="e">autore</subfield>
    <subfield code="4">aut</subfield>
    <subfield code="d">1804-1872</subfield>
  </datafield>
  <datafield tag="240" ind1="1" ind2="0">
    <subfield code="a">Wesen des Christentums.</subfield>
    <subfield code="l">Italiano</subfield>
  </datafield>
  <datafield tag="245" ind1="1" ind2="2">
    <subfield code="a">L'essenza del cristianesimo /</subfield>
    <subfield code="c">Ludwig Feuerbach ; prefazione di Antonio Banfi; introduzione di Alberto Burgio; traduzione e cura di Camilla Cometti</subfield>
  </datafield>
  <datafield tag="260" ind1=" " ind2=" ">
    <subfield code="a">Milano :</subfield>
    <subfield code="b">Feltrinelli,</subfield>
    <subfield code="c">2008 (2a).</subfield>
  </datafield>
  <datafield tag="300" ind1=" " ind2=" ">
    <subfield code="a">293 p. ;</subfield>
    <subfield code="c">19,5 cm</subfield>
  </datafield>
  <datafield tag="490" ind1="1" ind2=" ">
    <subfield code="a">Universala Economica Feltrinelli - I Classici ;</subfield>
  </datafield>
  <datafield tag="520" ind1=" " ind2=" ">
    <subfield code="a">Un'opera "indipendente, nuova, in s&#xE9; conchiusa", cos&#xEC; Feuerbach definisce "L'essenza del cristianesimo" nel sottoporne il manoscritto all'editore Wigand di Lipsia. &#xC8; il gennaio 1841: dopo pochi mesi vede la luce l'opera che sancir&#xE0; la rottura della Scuola hegeliana e rivoluzioner&#xE0; la scena filosofica tedesca. La novit&#xE0; non stava solo nel principio ispiratore della critica "antropologica" della religione, nell'idea che Dio &#xE8; "l'intimo rivelato dell'uomo" e che "il mistero della religione" consiste in un movimento proiettivo della coscienza alienata in virt&#xF9; del quale "l'uomo oggettiva la propria essenza per far di s&#xE9; l'oggetto di tale essenza oggettivata e personificata". Nuova era anche la concezione della filosofia che, nel radicalizzare la critica antispeculativa a Hegel, Feuerbach traeva da queste premesse. Dalla dissacrazione del dogma prendeva forma, insieme all'immagine di una religione laica dell'umanit&#xE0; incentrata sul recupero dei "vincoli naturali della specie", l'idea di una teoria fondata sul "rapporto reale dell'uomo con l'uomo" nella quale il giovane Marx vide la fonte della "scienza reale" e del "vero materialismo".</subfield>
  </datafield>
  <datafield tag="546" ind1=" " ind2=" ">
    <subfield code="a">Traduzione di Camilla Cometti.</subfield>
  </datafield>
  <datafield tag="655" ind1=" " ind2=" ">
    <subfield code="a">Filosofi di lingua tedesca. Generalit&#xE0; e filosofi fino al 1920</subfield>
    <subfield code="x">Filosofi 1801-1920: Feuerbach Ludwig, 1804-1872.</subfield>
    <subfield code="9">58391</subfield>
  </datafield>
  <datafield tag="700" ind1=" " ind2=" ">
    <subfield code="a">Banfi, Antonio</subfield>
    <subfield code="d">1886-1957</subfield>
    <subfield code="e">prefazione</subfield>
    <subfield code="9">58453</subfield>
  </datafield>
  <datafield tag="700" ind1=" " ind2=" ">
    <subfield code="a">Burgio, Alberto</subfield>
    <subfield code="d">1955-</subfield>
    <subfield code="e">introduzione</subfield>
    <subfield code="9">58454</subfield>
  </datafield>
  <datafield tag="700" ind1=" " ind2=" ">
    <subfield code="a">Cometti, Camilla</subfield>
    <subfield code="e">Traduzione</subfield>
    <subfield code="9">58455</subfield>
  </datafield>
  <datafield tag="942" ind1=" " ind2=" ">
    <subfield code="a">IT-MiSPE</subfield>
    <subfield code="c">BK</subfield>
    <subfield code="2">ddc</subfield>
  </datafield>
  <datafield tag="999" ind1=" " ind2=" ">
    <subfield code="c">358870</subfield>
    <subfield code="d">358870</subfield>
  </datafield>
  <datafield tag="952" ind1=" " ind2=" ">
    <subfield code="0">0</subfield>
    <subfield code="1">0</subfield>
    <subfield code="2">ddc</subfield>
    <subfield code="4">0</subfield>
    <subfield code="6">193FEU_LU_ES_AXA_23276</subfield>
    <subfield code="7">1</subfield>
    <subfield code="a">CINISELLO</subfield>
    <subfield code="b">CINISELLO</subfield>
    <subfield code="d">2020-09-07</subfield>
    <subfield code="l">0</subfield>
    <subfield code="o">193-FEU lu es (axa 23276)</subfield>
    <subfield code="p">9788807821080</subfield>
    <subfield code="r">2020-09-07 00:00:00</subfield>
    <subfield code="w">2020-09-07</subfield>
    <subfield code="y">BK</subfield>
  </datafield>
</record>
